| 000 | 00664nam a2200253Ia 4500 | ||
|---|---|---|---|
| 001 | Z_5405 | ||
| 003 | CHAP | ||
| 008 | 220113s2006 xx 000 0 und d | ||
| 010 | _a168475 | ||
| 040 | _cCHAP | ||
| 090 | _aFolleto 716 | ||
| 111 |
_aInternational Poultry Scientific Forum (2006 : Atlanta, Georgia) _9142813 |
||
| 245 |
_aAbstracts / _cGeorgia World Congress Center |
||
| 260 |
_aAtlanta, Georgia : _bSouthern Poultry Science Society, _c2006 |
||
| 300 | _a68 p. | ||
| 500 | _aFotocopĂa | ||
| 650 |
_aAves de corral _xCongresos _9138819 |
||
| 901 | _aFOLLETO 716 | ||
| 902 | _aM | ||
| 910 | _a2006 | ||
| 942 | _c1 | ||
| 942 | _cc1 | ||
| 999 |
_c168475 _d168475 |
||